Ulice w Gdańsku zaczynające się na Ś - Statystyki

Ogólne statystyki
  • Ten quiz został rozwiązany 15 razy
  • Średni wynik to 5 z 23
Statystyki odpowiedzi
Odpowiedź % Poprawnych
Świtezianki
50%
Śląska
33%
Śliwkowa
33%
Śnieżna
33%
Św. Barbary
33%
Św. Ducha
33%
Świdnicka
33%
Świerkowa
33%
Świrskiego
33%
Św. Piotra
33%
Św. Trójcy
33%
Śluza
17%
Śmigłowa
17%
Św. Brata Alberta
17%
Św. Huberta
17%
Świbnieńska
17%
Świętokrzyska
17%
Świętopełka
17%
Świstaka
17%
Ścieżki
0%
Śniadeckich
0%
Świechockiego
0%
Świętojańska
0%
Nie znaleziono quizów pasujących do podanych kryteriów
Rozkład punktacji
Procent ludzi z każdym wynikiem
Percentyl według liczby udzielonych odpowiedzi
Twoja historia wyników
Nie rozwiązałeś tego quizu